[Event "Nikaia op 23rd"]
[Site "Nikaia"]
[Date "2015.08.27"]
[Round "1"]
[White "Kapagiannidis, Konstantinos"]
[Black "Poulopoulos, Ioannis"]
[Result "0-1"]
[WhiteElo "1748"]
[BlackElo "2133"]
[PlyCount "94"]
[EventDate "2015.08.26"]
[EventType "swiss"]
[EventRounds "9"]
[EventCountry "GRE"]
[SourceTitle "EXT 2016"]
[Source "ChessBase"]
[SourceDate "2015.10.08"]
[SourceVersion "1"]
[SourceVersionDate "2015.10.08"]
[SourceQuality "1"]

1. d4 Nf6 2. c4 e6 3. Nf3 Bb4+ 4. Bd2 Qe7 5. a3 Bxd2+ 6. Nbxd2 d6 7. e4 e5 8. d5 Nbd7 9. b4 Nf8 10. g3 Ng6 11. Bg2 0-0 12. 0-0 h6 13. Qc2 Nh7 14. Rac1 f5 15. c5 f4 16. cxd6 cxd6 17. Qc7 Qf6 18. Nc4 Rd8 19. Ncd2 Rd7 20. Qc3 Rf7 21. Qd3 Bg4 22. Rc3 Raf8 23. Qc2 Ng5 24. Nxg5 Qxg5 25. Nf3 Qh5 26. Qb3 Bh3 27. Ne1 Bxg2 28. Nxg2 f3 29. Ne1 Nf4 30. gxf4 Rxf4 31. Nxf3 Rxf3 32. Rxf3 Rxf3 33. Qc2 Kh7 34. Kh1 Rxa3 35. f4 Qh3 36. Rg1 Qf3+ 37. Qg2 exf4 38. Qxf3 Rxf3 39. e5 dxe5 40. Rd1 Rc3 41. d6 Rc8 42. Kg2 Kg6 43. Kf3 Kf5 44. Rd5 Ke6 45. Ke4 Rc4+ 46. Kd3 Kxd5 47. d7 Rd4+ 0-1